How all risk cover works (Record no. 78622)

MARC details
000 -LEADER
fixed length control field 01020cab a22002055a 4500
001 - CONTROL NUMBER
control field L137474
008 - FIXED-LENGTH DATA ELEMENTS--GENERAL INFORMATION
fixed length control field 070410e20070315xxk f 000 0 eng d
035 ## - SYSTEM CONTROL NUMBER
System control number (Sirsi) u137474
041 0# - LANGUAGE CODE
Language code of text/sound track or separate title eng
100 1# - MAIN ENTRY--PERSONAL NAME
Personal name Atkinson, Daniel
245 00 - TITLE STATEMENT
Title How all risk cover works
260 ## - PUBLICATION, DISTRIBUTION, ETC.
Date of publication, distribution, etc. 2007
490 ## - SERIES STATEMENT
Series statement Construction News
Volume/sequential designation (7009) 15 March 2007, 28(1)
520 ## - SUMMARY, ETC.
Summary, etc. Shows how this cover works for the civil engineering industry by referring to the case of "CA Blackwell v Gerling Allegemeine Verischerungs AG" ([2007] EOHC 94 (Comn), unreported) where B wished to recover the costs of damage to roadworks due to rain. G had argued that an all risk policy was against risks of loss and not causes of loss. States that under all risk insurance the party must prove that its loss was fortuitous and within the policy's time period.
590 ## - LOCAL NOTE (RLIN)
Local note KA
650 24 - SUBJECT ADDED ENTRY--TOPICAL TERM
Topical term or geographic name entry element CA BLACKWELL V GERLING ALLEGEMEINE VERISCHERUNGS AG
651 #4 - SUBJECT ADDED ENTRY--GEOGRAPHIC NAME
Geographic name England and Wales
Chronological subdivision 1543-
690 ## - LOCAL SUBJECT ADDED ENTRY--TOPICAL TERM (OCLC, RLIN)
Topical term or geographic name as entry element MANAGEMENT-BUSINESS MANAGEMENT-INSURANCE
942 ## - ADDED ENTRY ELEMENTS (KOHA)
Suppress in OPAC 0
Holdings
Withdrawn status Lost status Source of classification or shelving scheme Damaged status Not for loan Home library Current library Shelving location Date acquired Total Checkouts Full call number Barcode Date last seen Copy number Price effective from Koha item type
    Dewey Decimal Classification     London London Journal article 10/04/2007   L137474 137474-1001 06/08/2019 1 06/08/2019 Journal article